000 00777cam a2200241 a 4500
001 598370
003 CO-ViMGA
005 20230915233601.0
008 010917s1997 mx ab r 00010dspa d
020 _a9681652304
040 _aCO-ViMGA
_bspa
_cCO-ViMGA
082 0 4 _a629.46
_bL674
_219 ed.
100 1 _aLira, Jorge.
_912790
245 1 3 _aLa percepcion remota :
_bnuestros ojos desde el espacio /
_cJorge Lira.
250 _a2a ed.
260 _aMexico :
_bFondo de Cultura Económica, Secretaria de Educación Pública,
_c1997.
300 _a150 p. :
_bil., mapas ;
_c21 cm.
490 _ala ciencia para todos ;
_v33
650 1 4 _aEspacio exterior
_x Exploración.
_912793
650 1 4 _aTecnología espacial.
_912792
650 6 _aSatelite.
_912791
942 _2ddc
_cBK
999 _c37048
_d37048